Geography Decoder - Statistics

General Stats
  • This quiz has been taken 255 times
  • The average score is 18 of 23
Answer Stats
Clue Answer % Correct
A A book of maps Atlas
94%
E Tallest mountain above sea level Everest
94%
I Originally known as Persia Iran
94%
G World's largest island Greenland
91%
S Largest Nordic country Sweden
91%
R City that surrounds the Vatican City Rome
88%
E Capital of Scotland Edinburgh
87%
C Northernmost country Canada
86%
H Mt. range surrounding Bhutan Himalayas
86%
E Spanish name for Spain España
85%
T Its capital is Florence Tuscany
83%
T Australian state with no border Tasmania
81%
E National Park in Florida Everglades
78%
V Longest European river Volga
78%
A Sea between Greece & Turkey Aegean Sea
74%
D Lowest elevation on dry land is on the coast of this sea Dead Sea
72%
R Morocco's second largest city Rabat
72%
R Currency of Nepal Rupee
72%
T Baltic capital whose name has two sets of double letters Tallinn
70%
O Largest coastal city in Ukraine Odessa
67%
T East Timor, in Portuguese Timor-Leste
67%
I Only national capital that starts with 'I' Islamabad
65%
Final Geographical place- found in Western austrailia The Great Victoria Desert
57%
No matching quizzes found
Score Distribution
Percent of People with Each Score
Percentile by Number Answered
Your Score History
You have not taken this quiz